| 000 | 00850cab a2200241 4500 | ||
|---|---|---|---|
| 001 | ABS60608 | ||
| 008 | 090401t1999 xxu||||| |||| 00| 0 eng d | ||
| 035 | _a(Sirsi) u99927 | ||
| 041 | _aeng | ||
| 100 | _aMcMillan, F. | ||
| 245 | _aDo you speak English? | ||
| 260 | _c1999 | ||
| 350 | _a0 | ||
| 490 |
_aBuilding _v264(8088) 21 May 1999 79(1) |
||
| 520 | _aDiscusses bonds issued in connection with construction projects, and the problems arising from the archaic wording that obscures the meaning and value of bonds to those who rely on them. With reference to cases. | ||
| 650 | _aBONDS | ||
| 650 | _aBUILT ENVIRONMENT-BUILDING CONTRACT FORMS | ||
| 650 | _aCONSTRUCTION PROJECTS | ||
| 650 | _aPERAR BV V GENERAL SURETY & GUARANTEE CO LTD | ||
| 690 | _aBUILT ENVIRONMENT-BUILDING CONTRACT FORMS | ||
| 942 | _n0 | ||
| 948 | _c03/06/1999 | ||
| 999 |
_c60014 _d60014 |
||